[Event "Batatais op 2nd"]
[Site "Batatais"]
[Date "2011.12.18"]
[Round "6"]
[White "Santana, Anderson Pereira"]
[Black "Tsuboi, Edson Kenji"]
[Result "0-1"]
[WhiteElo "2096"]
[BlackElo "2332"]
[PlyCount "130"]
[EventDate "2011.12.16"]
[EventType "swiss"]
[EventRounds "6"]
[EventCountry "BRA"]
[SourceTitle "EXT 2013"]
[Source "ChessBase"]
[SourceDate "2012.11.22"]
[SourceVersion "1"]
[SourceVersionDate "2012.11.22"]
[SourceQuality "1"]

1. d4 Nf6 2. Bg5 e6 3. e4 h6 4. Bxf6 Qxf6 5. c4 Bb4+ 6. Nc3 c5 7. e5 Qe7 8. a3 Bxc3+ 9. bxc3 d6 10. Nf3 Nc6 11. exd6 Qxd6 12. d5 Ne7 13. dxe6 Qxe6+ 14. Qe2 Qb6 15. Qe3 0-0 16. Bd3 Be6 17. 0-0 Rad8 18. Rfb1 Qc7 19. Qe4 Rxd3 20. Qxd3 Bf5 21. Qe3 Bxb1 22. Rxb1 Rd8 23. Qe5 Qxe5 24. Nxe5 b6 25. f4 f6 26. Nf3 Rd3 27. Rc1 Ng6 28. Ne1 Rd2 29. g3 Ne7 30. Rc2 Rd1 31. Kf2 Nc6 32. Re2 Kf7 33. Nc2 Na5 34. Ne3 Ra1 35. Nf5 Nxc4 36. Re7+ Kf8 37. Rxa7 Rxa3 38. Rxa3 Nxa3 39. Ke3 h5 40. Ke4 Nb5 41. c4 Nc7 42. Nd6 g6 43. f5 g5 44. h4 g4 45. Kf4 Na8 46. Nb5 Ke7 47. Ke4 Kd7 48. Kd5 Nc7+ 49. Nxc7 Kxc7 50. Ke6 b5 51. cxb5 c4 52. Kxf6 c3 53. Kg7 c2 54. f6 c1Q 55. f7 Qc3+ 56. Kg8 Qxg3 57. f8Q Qb3+ 58. Kg7 Qxb5 59. Qf4+ Kc6 60. Kh6 Qd5 61. Qa4+ Kd6 62. Qb4+ Ke6 63. Qb6+ Qd6 64. Qb1 Qf4+ 65. Kg6 Qf6+ 0-1

[Event "Batatais op 2nd"]
[Site "Batatais"]
[Date "2011.12.17"]
[Round "4"]
[White "Santana, Anderson Pereira"]
[Black "De Freitas, Julio Eimard"]
[Result "1/2-1/2"]
[WhiteElo "2096"]
[BlackElo "1872"]
[PlyCount "110"]
[EventDate "2011.12.16"]
[EventType "swiss"]
[EventRounds "6"]
[EventCountry "BRA"]
[SourceTitle "EXT 2013"]
[Source "ChessBase"]
[SourceDate "2012.11.22"]
[SourceVersion "1"]
[SourceVersionDate "2012.11.22"]
[SourceQuality "1"]

1. d4 d5 2. Nf3 Nf6 3. c4 c6 4. Bg5 e6 5. e3 Be7 6. Nc3 Nbd7 7. Bd3 h6 8. Bh4 0-0 9. 0-0 dxc4 10. Bxc4 Nd5 11. Bxe7 Qxe7 12. e4 Nxc3 13. bxc3 b5 14. Bd3 Bb7 15. Nd2 a6 16. a4 Rfd8 17. Nb3 Rac8 18. f4 c5 19. axb5 axb5 20. Ra7 Ba8 21. Nxc5 Rxc5 22. Rxa8 Rxa8 23. dxc5 Nxc5 24. Bxb5 Nxe4 25. Qd4 Rd8 26. Qe3 Qc5 27. Qxc5 Nxc5 28. Ra1 Ne4 29. c4 Rd2 30. Bc6 Rd4 31. Rc1 Nc5 32. g3 Rd2 33. Ra1 Rd4 34. Ra8+ Kh7 35. Bb5 g5 36. Rc8 Ne4 37. fxg5 hxg5 38. Ba6 g4 39. c5 Rd1+ 40. Kg2 Rd2+ 41. Kf1 Rxh2 42. c6 Rh1+ 43. Kg2 Rc1 44. Bd3 f5 45. Bxe4 fxe4 46. Kf2 Rc3 47. c7 Kg7 48. Ke2 e3 49. Re8 Rxc7 50. Rxe6 Rc3 51. Re4 Kg6 52. Rxg4+ Kf5 53. Rg8 Ke4 54. Re8+ Kf5 55. Kf3 Ra3 1/2-1/2

[Event "Batatais op 2nd"]
[Site "Batatais"]
[Date "2011.12.16"]
[Round "2"]
[White "Santana, Anderson Pereira"]
[Black "Dos Cruz, Cesar Fernando"]
[Result "1-0"]
[WhiteElo "2096"]
[BlackElo "1811"]
[PlyCount "49"]
[EventDate "2011.12.16"]
[EventType "swiss"]
[EventRounds "6"]
[EventCountry "BRA"]
[SourceTitle "EXT 2013"]
[Source "ChessBase"]
[SourceDate "2012.11.22"]
[SourceVersion "1"]
[SourceVersionDate "2012.11.22"]
[SourceQuality "1"]

1. d4 Nf6 2. Bg5 Ne4 3. Bh4 g5 4. Bg3 Nxg3 5. hxg3 d5 6. e3 Bf5 7. Nf3 f6 8. c4 e6 9. Qb3 b6 10. Nc3 c6 11. cxd5 exd5 12. Rc1 Qd6 13. Be2 Bg7 14. Nd2 0-0 15. e4 Be6 16. exd5 Bxd5 17. Nxd5 cxd5 18. Bf3 Rd8 19. Qd3 Qe6+ 20. Kf1 f5 21. g4 Rf8 22. gxf5 Qd7 23. f6 Rxf6 24. Qxh7+ Kf8 25. Bxd5 1-0

[Event "Parana-chT 54th"]
[Site "Parana"]
[Date "2011.11.19"]
[Round "6"]
[White "Ferrero, Carlos Federico"]
[Black "Santana, Anderson Pereira"]
[Result "0-1"]
[WhiteElo "1949"]
[BlackElo "2096"]
[PlyCount "120"]
[EventDate "2011.11.14"]
[EventType "team-swiss"]
[EventRounds "7"]
[EventCountry "BRA"]
[SourceTitle "EXT 2013"]
[Source "ChessBase"]
[SourceDate "2012.11.22"]
[SourceVersion "1"]
[SourceVersionDate "2012.11.22"]
[SourceQuality "1"]
[WhiteTeam "Sao Jose dos Pinhais"]
[BlackTeam "Araucaria"]
[WhiteTeamCountry "BRA"]
[BlackTeamCountry "BRA"]

1. Nf3 g6 2. d4 Bg7 3. e4 d6 4. Be2 Nf6 5. Qd3 0-0 6. 0-0 Nbd7 7. c4 e5 8. dxe5 dxe5 9. Rd1 Qe7 10. Nc3 c6 11. Bg5 Re8 12. Qd6 h6 13. Qxe7 Rxe7 14. Bxf6 Nxf6 15. Rd8+ Re8 16. Rad1 Bg4 17. Rxa8 Rxa8 18. h3 Bxf3 19. Bxf3 Kf8 20. Na4 Ke7 21. Kf1 Ne8 22. Bg4 Rd8 23. Rxd8 Kxd8 24. Nc3 Bf8 25. a3 Nd6 26. Be2 Ke7 27. f3 Ne8 28. Bd3 Nc7 29. g3 Ne6 30. Ne2 Kf6 31. h4 a5 32. Kg2 g5 33. hxg5+ hxg5 34. Kh3 Bc5 35. Kg4 Be3 36. Bc2 Bd2 37. a4 Be3 38. Kh5 Nd4 39. Nxd4 Bxd4 40. b3 Be3 41. Bd3 Ke6 42. c5 Kf6 43. Kg4 Bxc5 44. Bc4 Be3 45. Bd3 Ke7 46. Kf5 f6 47. Bc4 Bf2 48. f4 Bxg3 49. fxg5 fxg5 50. Kxg5 Kd6 51. Kf5 Kc5 52. Be6 Bf4 53. Kg4 Kd4 54. Kf3 b5 55. axb5 cxb5 56. Bd7 Kc3 57. Bxb5 Kxb3 58. Ke2 a4 59. Kd3 a3 60. Bc4+ Kb2 0-1

[Event "Parana-chT 54th"]
[Site "Parana"]
[Date "2011.11.17"]
[Round "4"]
[White "Branco, Guilherme Paulino"]
[Black "Santana, Anderson Pereira"]
[Result "1/2-1/2"]
[WhiteElo "1995"]
[BlackElo "2096"]
[PlyCount "51"]
[EventDate "2011.11.14"]
[EventType "team-swiss"]
[EventRounds "7"]
[EventCountry "BRA"]
[SourceTitle "EXT 2013"]
[Source "ChessBase"]
[SourceDate "2012.11.22"]
[SourceVersion "1"]
[SourceVersionDate "2012.11.22"]
[SourceQuality "1"]
[WhiteTeam "Paranavai"]
[BlackTeam "Araucaria"]
[WhiteTeamCountry "BRA"]
[BlackTeamCountry "BRA"]

1. e4 d6 2. d4 g6 3. Bd3 Bg7 4. c3 Nd7 5. f4 Ngf6 6. Nf3 0-0 7. e5 Ne8 8. Qe2 e6 9. 0-0 c5 10. Nbd2 b6 11. Ne4 cxd4 12. cxd4 Bb7 13. Bd2 d5 14. Nf2 Nc7 15. g4 f5 16. gxf5 exf5 17. Rac1 Ne6 18. Bb5 Nb8 19. Nh3 a6 20. Bd3 Nc6 21. Qf2 Bh6 22. Kh1 Qe7 23. Rg1 Rac8 24. a3 Kh8 25. Nhg5 Bxg5 26. fxg5 1/2-1/2

[Event "Parana-chT 54th"]
[Site "Parana"]
[Date "2011.11.16"]
[Round "3"]
[White "Santana, Anderson Pereira"]
[Black "Osipi, Jair"]
[Result "1-0"]
[WhiteElo "2096"]
[BlackElo "2196"]
[PlyCount "117"]
[EventDate "2011.11.14"]
[EventType "team-swiss"]
[EventRounds "7"]
[EventCountry "BRA"]
[SourceTitle "EXT 2013"]
[Source "ChessBase"]
[SourceDate "2012.11.22"]
[SourceVersion "1"]
[SourceVersionDate "2012.11.22"]
[SourceQuality "1"]
[WhiteTeam "Araucaria"]
[BlackTeam "Maringa"]
[WhiteTeamCountry "BRA"]
[BlackTeamCountry "BRA"]

1. d4 Nf6 2. Bg5 d5 3. Nf3 e6 4. e3 c5 5. Bb5+ Nbd7 6. 0-0 Qb6 7. Bxd7+ Nxd7 8. b3 h6 9. Bh4 g5 10. Bg3 Bg7 11. c3 0-0 12. h4 f6 13. Qc2 Rf7 14. Nbd2 Nf8 15. c4 cxd4 16. Nxd4 f5 17. hxg5 f4 18. c5 Qd8 19. g6 Rc7 20. Bh2 e5 21. Nb5 Rc6 22. exf4 a6 23. Nc3 exf4 24. Rac1 Rxc5 25. Qd3 Qg5 26. Ne2 Bf5 27. Qf3 Rxc1 28. Nxc1 Rd8 29. Bxf4 Qxg6 30. Qg3 Ne6 31. Ne2 Qxg3 32. fxg3 Bd3 33. Re1 Rc8 34. Kf2 Rc2 35. a4 Nxf4 36. Nxf4 Bf5 37. Re2 Bd4+ 38. Kf1 Rc3 39. Nf3 Bc5 40. Re5 Be4 41. Nxd5 Bd3+ 42. Ke1 Rc2 43. Nf4 Bb4+ 44. Kd1 Bh7 45. Nd5 Rxg2 46. Nxb4 Rxg3 47. Ke2 Rg2+ 48. Ke3 Rb2 49. Nd2 Kf8 50. Ke2 Bg8 51. Re3 a5 52. Nd3 Ra2 53. Nc5 Bd5 54. Kd3 Bc6 55. Ne6+ Kg8 56. Rg3+ Kh8 57. Nc4 Bxa4 58. bxa4 Rxa4 59. Rg7 1-0

[Event "Sao Paulo Braga op"]
[Site "Sao Paulo"]
[Date "2011.04.22"]
[Round "5"]
[White "Bueno, Alfeu Varela Jr"]
[Black "Santana, Anderson Pereira"]
[Result "1/2-1/2"]
[WhiteElo "2345"]
[BlackElo "2083"]
[PlyCount "110"]
[EventDate "2011.04.20"]
[EventType "swiss"]
[EventRounds "9"]
[EventCountry "BRA"]
[SourceTitle "EXT 2022"]
[Source "ChessBase"]
[SourceDate "2021.10.06"]
[SourceVersion "1"]
[SourceVersionDate "2021.10.06"]
[SourceQuality "1"]

1. e4 e5 2. f4 exf4 3. Bc4 Qh4+ 4. Kf1 d6 5. Nc3 Be6 6. Bxe6 fxe6 7. d4 Nh6 8. Qf3 Be7 9. g3 fxg3 10. hxg3 Qg4 11. Bxh6 Qxf3+ 12. Nxf3 gxh6 13. Rxh6 Kd7 14. Ke2 Nc6 15. Rah1 Rag8 16. Kf2 Rg7 17. a3 Rf7 18. d5 exd5 19. Ke2 dxe4 20. Nxe4 Rhf8 21. Nfg5 Bxg5 22. Nxg5 Rf2+ 23. Kd1 Nd4 24. Rxh7+ Kc6 25. R1h4 Rg2 26. Rf4 Rxf4 27. gxf4 Nxc2 28. Ne6 Ne3+ 29. Kc1 Rc2+ 30. Kb1 Kb6 31. f5 Rf2 32. Nxc7 Rxf5 33. Na8+ Kc5 34. Rxb7 Rf1+ 35. Ka2 d5 36. Rc7+ Kd4 37. Rxa7 Kd3 38. Nc7 d4 39. Ne6 Nc2 40. Rc7 Ra1+ 41. Kb3 Rc1 42. a4 Na1+ 43. Kb4 Rb1 44. Ka3 Nc2+ 45. Kb3 Na1+ 46. Ka2 Re1 47. Nc5+ Kd2 48. a5 Nc2 49. a6 Ra1+ 50. Kb3 d3 51. a7 Ke2 52. Na4 Nd4+ 53. Kb4 Rxa4+ 54. Kxa4 d2 55. a8Q d1Q+ 1/2-1/2

[Event "Curitiba-ch 3rd (IRT)"]
[Site "Curitiba"]
[Date "2011.04.03"]
[Round "5"]
[White "Pluschkat, Gustavo Ranulpho"]
[Black "Santana, Anderson Pereira"]
[Result "0-1"]
[WhiteElo "1969"]
[BlackElo "2083"]
[PlyCount "50"]
[EventDate "2011.04.01"]
[EventType "swiss"]
[EventRounds "6"]
[EventCountry "BRA"]
[SourceTitle "EXT 2022"]
[Source "ChessBase"]
[SourceDate "2021.10.06"]
[SourceVersion "1"]
[SourceVersionDate "2021.10.06"]
[SourceQuality "1"]

1. e4 e5 2. Nf3 Nc6 3. Bb5 f5 4. d4 fxe4 5. Nxe5 Nxe5 6. dxe5 c6 7. Ba4 Qa5+ 8. Nc3 Qxe5 9. 0-0 Nf6 10. f3 Bc5+ 11. Kh1 e3 12. Ne4 Nxe4 13. fxe4 Bd6 14. g3 Qxe4+ 15. Qf3 Qxf3+ 16. Rxf3 b5 17. Bxe3 bxa4 18. Bg5 Be5 19. Raf1 c5 20. Re3 d6 21. Rd1 0-0 22. c3 Rf2 23. b3 Bb7+ 24. Kg1 Raf8 25. Bf4 Rg2+ 0-1

[Event "Barrinha Merli Memorial op"]
[Site "Barrinha"]
[Date "2010.07.04"]
[Round "6"]
[White "Santana, Anderson Pereira"]
[Black "Barbosa, Fernando"]
[Result "0-1"]
[WhiteElo "2071"]
[BlackElo "2093"]
[PlyCount "88"]
[EventDate "2010.07.02"]
[EventType "swiss"]
[EventRounds "6"]
[EventCountry "BRA"]
[SourceTitle "EXT 2011"]
[Source "ChessBase"]
[SourceDate "2010.11.26"]
[SourceVersion "1"]
[SourceVersionDate "2010.11.26"]
[SourceQuality "1"]

1. d4 d5 2. c4 dxc4 3. Nc3 Nf6 4. e4 e6 5. Bxc4 Be7 6. Nge2 c5 7. 0-0 0-0 8. Bg5 cxd4 9. Nxd4 Qc7 10. Bb3 Rd8 11. Bxf6 Bxf6 12. Ndb5 Qc5 13. Qf3 a6 14. Na3 Nc6 15. Na4 Qa7 16. Nc2 b5 17. Nc3 Ne5 18. Qe2 Bb7 19. Rad1 Qc5 20. Ne3 Nc6 21. Rc1 Nd4 22. Qg4 Qb6 23. Bc2 b4 24. Ne2 Rac8 25. Bb1 g6 26. Nc4 Rxc4 27. Rxc4 h5 28. Qh3 Nxe2+ 29. Kh1 Be5 30. g4 Nf4 31. Qh4 Rd2 32. gxh5 Nxh5 33. Rc2 Qd4 34. Rxd2 Qxd2 35. f3 Qxb2 36. Qf2 Qc3 37. Qc2 Qe3 38. Qd3 Qf4 39. Rf2 Qh4 40. Qd2 Nf4 41. Bc2 a5 42. Qe3 Ba6 43. Rd2 Nh3 44. Rg2 Bf4 0-1

[Event "Sao Jose dos Pinhais op"]
[Site "Sao Jose dos Pinhais"]
[Date "2010.04.02"]
[Round "2"]
[White "Souza, Adwilhans Luciano"]
[Black "Santana, Anderson Pereira"]
[Result "1-0"]
[WhiteElo "2324"]
[BlackElo "2064"]
[PlyCount "83"]
[EventDate "2010.04.01"]
[EventType "swiss"]
[EventRounds "7"]
[EventCountry "BRA"]
[SourceTitle "EXT 2011"]
[Source "ChessBase"]
[SourceDate "2010.11.26"]
[SourceVersion "1"]
[SourceVersionDate "2010.11.26"]
[SourceQuality "1"]

1. d4 Nf6 2. Nf3 e6 3. c4 c5 4. d5 exd5 5. cxd5 d6 6. Nc3 g6 7. g3 Bg7 8. Bg2 0-0 9. 0-0 a6 10. a4 Bf5 11. Nd2 Re8 12. e4 Bd7 13. Nc4 Bf8 14. Re1 a5 15. Bf4 Na6 16. h3 Nb4 17. Bxd6 Bxd6 18. Nxd6 Bxa4 19. Rxa4 Qxd6 20. f4 Nh5 21. e5 Qb6 22. Kh2 c4 23. Qd2 Nd3 24. Re2 Qa6 25. d6 b5 26. Ra1 b4 27. Nd5 Ra7 28. Bf3 Qb5 29. Qe3 Rd7 30. Qd4 Kf8 31. e6 fxe6 32. Bxh5 gxh5 33. Qh8+ Kf7 34. Qxh7+ Kf8 35. Qh8+ Kf7 36. Qxh5+ Kf8 37. Qh6+ Rg7 38. Nc7 Qd7 39. Rxa5 e5 40. Qh8+ Rg8 41. Qf6+ Qf7 42. Nxe8 1-0

[Event "Jogos op do Parana - Japs"]
[Site "Francisco Beltrao"]
[Date "2009.10.30"]
[Round "6.6"]
[White "Santana, Anderson Pereira"]
[Black "Osipi, Jair"]
[Result "0-1"]
[WhiteElo "2087"]
[BlackElo "2282"]
[PlyCount "97"]
[EventDate "2009.10.27"]
[EventType "swiss"]
[EventRounds "7"]
[EventCountry "BRA"]
[SourceTitle "EXT 2022"]
[Source "ChessBase"]
[SourceDate "2021.10.06"]
[SourceVersion "1"]
[SourceVersionDate "2021.10.06"]
[SourceQuality "1"]

1. e4 c5 2. Nf3 Nc6 3. d4 cxd4 4. Nxd4 Nf6 5. Nc3 e5 6. Ndb5 d6 7. Bg5 a6 8. Na3 b5 9. Nd5 Be7 10. Nxe7 Qxe7 11. c3 0-0 12. Nc2 h6 13. Bxf6 Qxf6 14. Ne3 Ne7 15. Bd3 Bb7 16. 0-0 Rfd8 17. Qh5 d5 18. Ng4 Qe6 19. f3 dxe4 20. Bxe4 Bxe4 21. fxe4 Ng6 22. g3 Rd2 23. Rf5 Qc4 24. Re1 Rxb2 25. Kh1 Qxc3 26. Ref1 Qc2 27. Nf2 Rf8 28. Qg4 Qe2 29. Qxe2 Rxe2 30. a4 b4 31. Nd3 f6 32. Nxb4 a5 33. Nc6 Ra8 34. h4 h5 35. Rc1 Rxe4 36. Rxh5 Rxa4 37. Rf5 Kf7 38. Rf2 Ke6 39. h5 Nf8 40. Rd2 Nd7 41. Rb1 Nc5 42. Rb6 Kf5 43. Kg2 Ra3 44. Ne7+ Kg4 45. h6 Rxg3+ 46. Kh2 Rh3+ 47. Kg1 Rg3+ 48. Kf1 gxh6 49. Rxf6 0-1

[Event "Jogos op do Parana - Japs"]
[Site "Francisco Beltrao"]
[Date "2009.10.28"]
[Round "3.14"]
[White "Santana, Anderson Pereira"]
[Black "Cruz, William Ferreira Da"]
[Result "0-1"]
[WhiteElo "2087"]
[BlackElo "2128"]
[PlyCount "60"]
[EventDate "2009.10.27"]
[EventType "swiss"]
[EventRounds "7"]
[EventCountry "BRA"]
[SourceTitle "EXT 2022"]
[Source "ChessBase"]
[SourceDate "2021.10.06"]
[SourceVersion "1"]
[SourceVersionDate "2021.10.06"]
[SourceQuality "1"]

1. Nf3 Nf6 2. b3 g6 3. Bb2 Bg7 4. e3 0-0 5. c4 d6 6. d4 e6 7. Bd3 c5 8. Nc3 Nbd7 9. h4 b6 10. Ng5 cxd4 11. exd4 Bb7 12. f3 e5 13. d5 Nc5 14. Qc2 a6 15. Nge4 Nxd3+ 16. Qxd3 b5 17. Ba3 Nxe4 18. Nxe4 bxc4 19. bxc4 Qa5+ 20. Ke2 f5 21. Nxd6 e4 22. Qb3 Rab8 23. Nxb7 Rxb7 24. Qxb7 Qxa3 25. Qb3 exf3+ 26. Kxf3 Qd6 27. Rae1 Bh6 28. g3 Rc8 29. Re6 Qc5 30. Rhe1 Bf8 0-1

[Event "American Continental 06th"]
[Site "Sao Paulo"]
[Date "2009.07.29"]
[Round "6"]
[White "Andor, Jorge"]
[Black "Santana, Anderson Pereira"]
[Result "0-1"]
[WhiteElo "1839"]
[BlackElo "2063"]
[PlyCount "108"]
[EventDate "2009.07.25"]
[EventType "swiss"]
[EventRounds "11"]
[EventCountry "BRA"]
[SourceTitle "EXT 2022"]
[Source "ChessBase"]
[SourceDate "2021.10.06"]
[SourceVersion "1"]
[SourceVersionDate "2021.10.06"]
[SourceQuality "1"]

1. e4 c5 2. Nf3 Nc6 3. d4 cxd4 4. Nxd4 e5 5. Nb5 a6 6. Nd6+ Bxd6 7. Qxd6 Qf6 8. Qc7 Nge7 9. Nc3 Nb4 10. Bd3 d5 11. a3 Nxd3+ 12. cxd3 d4 13. Ne2 0-0 14. f4 Nc6 15. 0-0 Bg4 16. Ng3 Rfc8 17. Qb6 Qe7 18. f5 Nd8 19. Qb3 h5 20. h3 h4 21. Nh1 Bh5 22. Nf2 Rc6 23. Ng4 Rac8 24. Bd2 b5 25. Rac1 Nb7 26. Rxc6 Rxc6 27. Bb4 Qg5 28. Qd1 Bxg4 29. hxg4 Qe3+ 30. Kh2 Qg3+ 31. Kg1 Qe3+ 32. Kh1 h3 33. Qf3 hxg2+ 34. Kxg2 Rc2+ 35. Kg3 Qxf3+ 36. Rxf3 a5 37. Be7 f6 38. g5 Kf7 39. Bxf6 gxf6 40. g6+ Kg7 41. Kg4 Rg2+ 42. Kh5 Rxb2 43. Rf1 Rb3 44. Rc1 Rc3 45. Rb1 Nd6 46. Kg4 Rxd3 47. Rh1 Nxe4 48. Rh7+ Kg8 49. Ra7 Rg3+ 50. Kh4 d3 51. Rd7 d2 52. a4 bxa4 53. Rd5 d1Q 54. Rxd1 Rh3+ 0-1

[Event "American Continental 06th"]
[Site "Sao Paulo"]
[Date "2009.07.26"]
[Round "3"]
[White "Santana, Anderson Pereira"]
[Black "Bueno, Alfeu Varela Jr"]
[Result "0-1"]
[WhiteElo "2063"]
[BlackElo "2262"]
[PlyCount "54"]
[EventDate "2009.07.25"]
[EventType "swiss"]
[EventRounds "11"]
[EventCountry "BRA"]
[SourceTitle "CBM 132 Extra"]
[Source "ChessBase"]
[SourceDate "2009.11.03"]
[SourceVersion "1"]
[SourceVersionDate "2009.11.03"]
[SourceQuality "1"]

1. e4 e6 2. d4 d5 3. e5 c5 4. c3 Nc6 5. f4 cxd4 6. cxd4 Nge7 7. Nf3 Nf5 8. Bb5 Qb6 9. Nc3 Bb4 10. Bxc6+ bxc6 11. a3 Be7 12. g4 Nh4 13. 0-0 Ba6 14. Rf2 0-0 15. b4 Bb5 16. f5 exf5 17. Nxh4 Bxh4 18. Rxf5 f6 19. Rh5 fxe5 20. Nxb5 Bf2+ 21. Kg2 cxb5 22. dxe5 d4 23. Rf5 Bh4 24. Qf3 Qe6 25. Bf4 g6 26. Rxf8+ Rxf8 27. Qh3 Rxf4 0-1

[Event "Curitiba IRT CC"]
[Site "Curitiba"]
[Date "2007.05.20"]
[Round "8.5"]
[White "Santana, Anderson Pereira"]
[Black "Araujo, Rafael Moreira"]
[Result "1-0"]
[WhiteElo "2026"]
[BlackElo "2155"]
[PlyCount "59"]
[EventDate "2007.05.18"]
[EventType "tourn"]
[EventRounds "9"]
[EventCountry "BRA"]
[SourceTitle "EXT 2022"]
[Source "ChessBase"]
[SourceDate "2021.10.06"]
[SourceVersion "1"]
[SourceVersionDate "2021.10.06"]
[SourceQuality "1"]

1. e4 Nf6 2. e5 Nd5 3. Nc3 Nxc3 4. bxc3 d6 5. Bc4 d5 6. Bb3 c5 7. Ne2 b5 8. a3 c4 9. Ba2 Nc6 10. Nd4 Nxd4 11. cxd4 Qb6 12. c3 Bf5 13. Bb1 Bxb1 14. Rxb1 Qg6 15. Rxb5 Qxg2 16. Rf1 Qe4+ 17. Qe2 Qc2 18. Qd1 Qxd1+ 19. Kxd1 e6 20. Rb7 Be7 21. a4 Kd8 22. d3 cxd3 23. Rg1 g6 24. Rg3 Re8 25. Rf3 Kc8 26. Rb1 Rb8 27. Rxb8+ Kxb8 28. Rxf7 h5 29. Kd2 Kb7 30. Ba3 1-0